| 000 | 01008nas a2200337 4500 | ||
|---|---|---|---|
| 001 | BR0302621 | ||
| 003 | BR-BrBNA | ||
| 005 | 20231205103815.0 | ||
| 007 | ta | ||
| 008 | 230509b bl.|||p| |||| 00| 00por d | ||
| 040 |
_aBR-BrBNA _bpor _cBiblioteca Nacional de Agricultura |
||
| 041 | _a(En) | ||
| 072 | _aL73 | ||
| 100 | 1 | _aMadruga, C.R. | |
| 100 | 1 | _aLeal, C.R.B. | |
| 100 | 1 | _aFerreira, A.M.T. | |
| 100 | 1 | _aAraújo, F.R. | |
| 100 | 1 | _aBonato, A.L.V. | |
| 100 | 1 | _aKessler, R.H. | |
| 100 | 1 | _aSchenk, M.A.M. | |
| 100 | 1 | _aSoares, C.O. | |
| 245 | 1 | _aGenetic and antigenic analysis of Babesia bigemina isolates from five geographical regions of Brazil | |
| 650 | _aPROTOZOÁRIO | ||
| 650 | _aPOLIMORFISMO GENÉTICO | ||
| 650 | _aDNA | ||
| 650 | _aIMUNOFLUORESCÊNCIA | ||
| 650 | _aBIOLOGIA | ||
| 773 | 0 |
_tPesquisa Veterinária Brasileira (Brazil) _xISSN 0100-736X _g(Oct-dec 2002), v. 22(4) p. 153-160 _wBR0302621 |
|
| 909 |
_a202311 _bLúcia _c55 _dLúcia Elande |
||
| 942 |
_2AGRIS _n0 _cANA |
||
| 999 |
_c174826 _d174826 |
||